Donde la ciudad termina /

Un viaje hacia donde la ciudad termina es la excusa para fortalecer los lazos en una familia ensamblada: el diálogo entre generaciones se establece con la memoria de la frontera entre lo urbano y lo natural. Estar siempre en el mismo lugar y trasladarse permanentemente por trabajo son acciones que t...

Descripción completa

Guardado en:
Autor Principal: Kaufman, Ruth.
Otros Autores: Roldán, Daniel; il.
Formato: Libro
Idioma:Undetermined
Publicado: Buenos Aires : Pequeño Editor, 2023.
Edición:1a ed.
Series:Identidades bonaerenses
Materias:
Etiquetas: Agregar Etiqueta
Sin Etiquetas, Sea el primero en etiquetar este registro!
LEADER 01734nam a22003015a 4500
001 CEM.cems024835
008 250805s2023####ag############000#0#und#d
005 20250825100827.0
245 1 0 |a Donde la ciudad termina /  |c Ruth Kaufman ; ilustraciones Daniel Roldán. 
250 |a 1a ed. 
260 |a Buenos Aires :  |b Pequeño Editor,  |c 2023. 
300 |a 29 p. 
490 1 |a Identidades bonaerenses 
500 |a Edición especial de la Dirección de Cultura y Educación de la Provincia de Buenos Aires. 
500 |a Edad sugerida: a partir de ciclo básico. 
520 |a Un viaje hacia donde la ciudad termina es la excusa para fortalecer los lazos en una familia ensamblada: el diálogo entre generaciones se establece con la memoria de la frontera entre lo urbano y lo natural. Estar siempre en el mismo lugar y trasladarse permanentemente por trabajo son acciones que tejen un entramado afectivo, tanto entre los personajes como entre los paisajes que habitan. El texto muestra diferentes maneras de sentirse parte de una geografía, mientras las ilustraciones del reconocido ilustrador Daniel Roldán enmarcan el relato, resaltando la belleza del paisaje. 
020 |a 9789874462176 
100 1 |a Kaufman, Ruth. 
700 1 |a Roldán, Daniel; il. 
653 |a Literatura argentina 
653 |a Poesía infantil 
653 |a Literatura infantil y juvenil 
653 |a Libro ilustrado 
653 |a Identidades bonaerenses 
859 |a CEMS  |b BIB. CEMS - Agricultura  |h A861.4  |i K162  |p A3990.25  |t Ej.1 
859 |a CEMS  |b BIB. CEMS - Ccias. Educacion  |h A861.4  |i K162  |k CE  |p 30222.25  |t Ej.1 
859 |a CEMS  |b BIB. CEMS - 11 de abril  |h A861.4  |i K162  |p 30220.25  |t Ej.1 
859 |a CEMS  |b BIB. CEMS - 11 de abril  |h A861.4  |i K162  |p 30221.25  |t Ej.2